<?xml version="1.0" encoding="UTF-8"?>
<record
    xmlns:xsi="http://www.w3.org/2001/XMLSchema-instance"
    xsi:schemaLocation="http://www.loc.gov/MARC21/slim http://www.loc.gov/standards/marcxml/schema/MARC21slim.xsd"
    xmlns="http://www.loc.gov/MARC21/slim">

  <leader>03377nam a2200289 a 4500</leader>
  <controlfield tag="001">000007003</controlfield>
  <controlfield tag="003">DO-SdBNP</controlfield>
  <controlfield tag="005">20240118073959.0</controlfield>
  <controlfield tag="007">000007003</controlfield>
  <controlfield tag="008">090904t1991  dr  001 0 spa d</controlfield>
  <datafield tag="040" ind1=" " ind2=" ">
    <subfield code="a">BPMSU</subfield>
    <subfield code="b">spa</subfield>
    <subfield code="c">BPMSU</subfield>
  </datafield>
  <datafield tag="082" ind1=" " ind2=" ">
    <subfield code="a">RD860.4409</subfield>
    <subfield code="b">R789v 1991</subfield>
    <subfield code="2">22</subfield>
  </datafield>
  <datafield tag="100" ind1="1" ind2=" ">
    <subfield code="a">Rosario Candelier, Bruno,</subfield>
    <subfield code="d">1941-</subfield>
  </datafield>
  <datafield tag="245" ind1="1" ind2="0">
    <subfield code="a">Valores de las letras dominicanas /</subfield>
    <subfield code="c">Bruno Rosario Candelier.</subfield>
  </datafield>
  <datafield tag="260" ind1=" " ind2=" ">
    <subfield code="a">Santiago de los Caballeros, Rep&#xFA;blica Dominicana :</subfield>
    <subfield code="b">PUCMM,</subfield>
    <subfield code="c">1991.</subfield>
  </datafield>
  <datafield tag="300" ind1=" " ind2=" ">
    <subfield code="a">433 p. ;</subfield>
    <subfield code="c">23 cm.</subfield>
  </datafield>
  <datafield tag="490" ind1="0" ind2=" ">
    <subfield code="a">Catedras </subfield>
  </datafield>
  <datafield tag="500" ind1=" " ind2=" ">
    <subfield code="a">Incluye datos biogr&#xE1;ficos del autor en la contracubierta.</subfield>
  </datafield>
  <datafield tag="505" ind1="0" ind2=" ">
    <subfield code="t">Introducci&#xF3;n :</subfield>
    <subfield code="t">Las generaciones literarias dominicanas --</subfield>
    <subfield code="g">L&#xCD;RICA --</subfield>
    <subfield code="t">Tendencias y agrupaciones po&#xE9;ticas dominicanas --</subfield>
    <subfield code="t">Emilio Garc&#xED;a Godoy : memoranzas y poemas --</subfield>
    <subfield code="t">Domingo Moreno Jimenes, v&#xED;nculo de los eterno --</subfield>
    <subfield code="t">Manuel del Cabral, poeta social y metaf&#xED;sico --</subfield>
    <subfield code="t">Tom&#xE1;s Morel en el coraz&#xF3;n del folklore --</subfield>
    <subfield code="t">Octavio Guzm&#xE1;n Carretero, un l&#xED;rico socio-realista --</subfield>
    <subfield code="t">Franklin Mieses Burgos, un barroco transcendente --</subfield>
    <subfield code="t">Mariano Lebr&#xF3;n Savi&#xF1;&#xF3;n, un l&#xED;rico neorom&#xE1;ntico --</subfield>
    <subfield code="t">Antonio Fern&#xE1;ndez Spencer y su cosmovisi&#xF3;n po&#xE9;tica --</subfield>
    <subfield code="t">Manuel Valerio o la metaf&#xED;sica de su pasi&#xF3;n interior --</subfield>
    <subfield code="t">Manuel Rueda, entre la tradici&#xF3;n y la renovaci&#xF3;n --</subfield>
    <subfield code="t">Freddy Gat&#xF3;n Arce o la b&#xFA;squeda de la identidad nacional --</subfield>
    <subfield code="t">V&#xED;ctor Villegas o la revelaci&#xF3;n de un desgarramiento --</subfield>
    <subfield code="t">Cayo Cl&#xE1;udio Espinal, creador de una nueva sensibilidad --</subfield>
    <subfield code="t">Jos&#xE9; Enrique Garc&#xED;a o la aventura visionaria del fabulador --</subfield>
    <subfield code="t">Enriquillo S&#xE1;nchez, un poeta fluvial y luminoso --</subfield>
    <subfield code="t">Pedro Jos&#xE9; Gris y su l&#xED;rica reflexiva --</subfield>
    <subfield code="t">Jos&#xE9; M&#xE1;rmol: pensamiento y poes&#xED;a --</subfield>
    <subfield code="t">Julio Adames o el temblor primigenio de su creaci&#xF3;n --</subfield>
    <subfield code="t">Carmen S&#xE1;nchez o el aliento po&#xE9;tico con vibraci&#xF3;n canora.</subfield>
  </datafield>
  <datafield tag="505" ind1="0" ind2=" ">
    <subfield code="g">NARRATIVA --</subfield>
    <subfield code="t">El cuento en Santo Domingo --</subfield>
    <subfield code="t">La cuent&#xED;stica de Juan Bosch --</subfield>
    <subfield code="t">Amiama, el terrateniente o la nostalgia de la tierra --</subfield>
    <subfield code="t">Hilma Contreras: el aliento emocional de una cuent&#xED;stica --</subfield>
    <subfield code="t">A&#xED;da Cartagena: el aporte de Escalera para Electra --</subfield>
    <subfield code="t">Virgilio D&#xED;az Grull&#xF3;n: el espejo de la apelacin interior --</subfield>
    <subfield code="t">Deive, las desvastaciones o las caracterizaci&#xF3;n epocal --</subfield>
    <subfield code="t">Marcio Veloz Maggiolo en la fantas&#xED;a del amor --</subfield>
    <subfield code="t">A&#xED;da Bonnelly y sus variaciones sensoriales --</subfield>
    <subfield code="t">Di&#xF3;genes Valdez y la creaci&#xF3;n metanarrativa --</subfield>
    <subfield code="t">Jos&#xE9; Alc&#xE1;ntara Alm&#xE1;nzar y su reclamo narrativo --</subfield>
    <subfield code="t">Bernardo Vega: historia y ficci&#xF3;n en Domini Canes --</subfield>
    <subfield code="t">La narrativa de Roberto Marcall&#xE9; Abr&#xE9;u --</subfield>
    <subfield code="t">Johanna Goede: una nueva veta creadora --</subfield>
    <subfield code="g">CR&#xCD;TICA Y ENSAYO --</subfield>
    <subfield code="t">Generaciones y tendencias cr&#xED;ticas dominicanas --</subfield>
    <subfield code="t">La Rep&#xFA;blica Dominicana de Enrique Deschamps --</subfield>
    <subfield code="t">Pedro Henr&#xED;quez Ure&#xF1;a: Fil&#xF3;logo de Am&#xE9;rica --</subfield>
    <subfield code="t">Joaqu&#xED;n Balaguer: Las bases de una cr&#xED;tica ret&#xF3;rica --</subfield>
    <subfield code="t">Juan Bosch: Biograf&#xED;a de David con reflexi&#xF3;n est&#xE9;tica y moral --</subfield>
    <subfield code="t">Una confluencia singular: Rub&#xE9;n Dar&#xED;o y Santo Domingo --</subfield>
    <subfield code="t">Antolog&#xED;a de mujeres poetas de Daysi Cocco --</subfield>
    <subfield code="t">El negro en la poes&#xED;a dominicana, de Vicenta Caama&#xF1;o --</subfield>
    <subfield code="t">Manuel N&#xFA;&#xF1;ez: Historia, cultura y naci&#xF3;n.</subfield>
  </datafield>
  <datafield tag="590" ind1=" " ind2=" ">
    <subfield code="a">Inventariado, 2024/VM</subfield>
  </datafield>
  <datafield tag="650" ind1=" " ind2="4">
    <subfield code="a">Literatura dominicana</subfield>
    <subfield code="x">Historia y cr&#xED;tica </subfield>
  </datafield>
  <datafield tag="650" ind1=" " ind2="4">
    <subfield code="a">Autores dominicanos </subfield>
    <subfield code="x">Cr&#xED;tica e interpretaci&#xF3;n </subfield>
  </datafield>
  <datafield tag="710" ind1="2" ind2=" ">
    <subfield code="a">Pontificia Universidad Cat&#xF3;lica Madre y Maestra (Rep&#xFA;blica Dominicana)</subfield>
  </datafield>
  <datafield tag="910" ind1=" " ind2=" ">
    <subfield code="a">VMateo V./Validado. Control de calidad EMS.</subfield>
  </datafield>
  <datafield tag="942" ind1=" " ind2=" ">
    <subfield code="2">ddc</subfield>
    <subfield code="c">BK</subfield>
  </datafield>
  <datafield tag="952" ind1=" " ind2=" ">
    <subfield code="0">0</subfield>
    <subfield code="1">0</subfield>
    <subfield code="2">ddc</subfield>
    <subfield code="4">0</subfield>
    <subfield code="7">0</subfield>
    <subfield code="8">CD</subfield>
    <subfield code="a">BPMET</subfield>
    <subfield code="b">BPMET</subfield>
    <subfield code="d">2015-08-26</subfield>
    <subfield code="l">0</subfield>
    <subfield code="o">BPMSU CD RD860.4409 R789v 1991</subfield>
    <subfield code="p">BPMSU15080480</subfield>
    <subfield code="r">2015-08-26</subfield>
    <subfield code="w">2015-08-26</subfield>
    <subfield code="y">BK</subfield>
  </datafield>
  <datafield tag="952" ind1=" " ind2=" ">
    <subfield code="0">0</subfield>
    <subfield code="1">0</subfield>
    <subfield code="2">ddc</subfield>
    <subfield code="4">0</subfield>
    <subfield code="7">0</subfield>
    <subfield code="8">CD</subfield>
    <subfield code="a">BPMET</subfield>
    <subfield code="b">BPMET</subfield>
    <subfield code="d">2015-08-26</subfield>
    <subfield code="l">0</subfield>
    <subfield code="o">BPMSU CD RD860.4409 R789v 1991</subfield>
    <subfield code="p">BPMSU24040034</subfield>
    <subfield code="r">2024-04-26</subfield>
    <subfield code="t">e.2</subfield>
    <subfield code="w">2015-08-26</subfield>
    <subfield code="y">BK</subfield>
  </datafield>
  <datafield tag="952" ind1=" " ind2=" ">
    <subfield code="0">0</subfield>
    <subfield code="1">0</subfield>
    <subfield code="2">ddc</subfield>
    <subfield code="4">0</subfield>
    <subfield code="7">0</subfield>
    <subfield code="8">CD</subfield>
    <subfield code="a">BPMET</subfield>
    <subfield code="b">BPMET</subfield>
    <subfield code="d">2015-08-26</subfield>
    <subfield code="l">0</subfield>
    <subfield code="o">BPMSU CD RD860.4409 R789v 1991</subfield>
    <subfield code="p">BPMSU24040035</subfield>
    <subfield code="r">2024-04-26</subfield>
    <subfield code="t">e.3</subfield>
    <subfield code="w">2015-08-26</subfield>
    <subfield code="y">BK</subfield>
  </datafield>
  <datafield tag="999" ind1=" " ind2=" ">
    <subfield code="c">8225</subfield>
    <subfield code="d">8225</subfield>
  </datafield>
</record>
